000
00300nam a22001337a 4500
008
180119b xxu||||| |||| 00| 0 eng d
020
_a
9781256577683
041
_a
eng
080
_a
37
100
_a
47
101
_a
edu
245
_a
exploring teaching as a carer
_c
purudue
942
_2
udc
_c
BK
999
_c
40613
_d
40613